000 00510nam a22001817a 4500
003 OSt
005 20251211053421.0
008 251211b |||||||| |||| 00| 0 eng d
020 _a978-971-0495-14-6
040 _aDWCL - Main Lib
_cOC
082 _aProf. 303.34 H521n 2006
100 _aHenry, Cloud
245 _a9 things a leader must do /
_cCloud Henry
260 _aManila:
_bOMF Literature Inc.,
_cc2006.
300 _a127p.;
_c18cm.
650 _a1.leadership
942 _2ddc
_cPROF.
_mProf.
_n0
999 _c7037
_d7037